Medzinárodné účtovné štandardy v Slovenskej republike
Termín IFRS (International financial reporting standards) je v širšom zmysle používaný pre novo vydavané Medzinárodné účtovné štandardy, pre doteraz platné a používané Medzinárodné účtovné štandardy (IAS) i pre záväzné interpretácie k platným štandardom (IFRIC – International Financial Reporting Int...
Gespeichert in:
| 1. Verfasser: | |
|---|---|
| Format: | Buchkapitel |
| Sprache: | Slowakisch |
| Schlagworte: | |
| Tags: |
Keine Tags, Fügen Sie das erste Tag hinzu!
|
MARC
| LEADER | 00000nla$a2200000$$$4500 | ||
|---|---|---|---|
| 001 | 0074453 | ||
| 005 | 20231121082217.9 | ||
| 041 | 0 | |a slo | |
| 044 | |a SK | ||
| 245 | 1 | 0 | |a Medzinárodné účtovné štandardy v Slovenskej republike |c Petra Žišková |
| 520 | |a Termín IFRS (International financial reporting standards) je v širšom zmysle používaný pre novo vydavané Medzinárodné účtovné štandardy, pre doteraz platné a používané Medzinárodné účtovné štandardy (IAS) i pre záväzné interpretácie k platným štandardom (IFRIC – International Financial Reporting Interpretations Committee a SIC – Standing Interpretations Committee). Medzinárodné účtovné štandardy (IAS, IFRS). Platné IFRS a IAS. | ||
| 610 | 2 | 0 | |a normy medzinárodné |
| 610 | 2 | 0 | |a účtovanie |
| 610 | 2 | 0 | |a výkazy finančné |
| 610 | 2 | 0 | |a harmonizácia |
| 610 | 2 | 0 | |a Slovensko |
| 610 | 2 | 0 | |a Európska únia |
| 610 | 2 | 0 | |a štandardy účtovné medzinárodné |
| 100 | 1 | |a Žišková, Petra | |